[Event "Hradec Kralove Region-chT 2223"]
[Site "Czech Republic"]
[Date "2023.04.02"]
[Round "11.5"]
[White "Prochazka, Jan"]
[Black "Subrt, Petr"]
[Result "1-0"]
[WhiteElo "1809"]
[BlackElo "1782"]
[PlyCount "71"]
[EventDate "2022.10.09"]
[EventType "team-tourn"]
[EventRounds "11"]
[EventCountry "CZE"]
[SourceTitle "EXT 2024"]
[Source "ChessBase"]
[SourceDate "2023.10.10"]
[SourceVersion "1"]
[SourceVersionDate "2023.10.10"]
[SourceQuality "1"]

1. e4 e5 2. Nc3 Nf6 3. f4 d5 4. fxe5 Nxe4 5. Qf3 Nxc3 6. bxc3 c5 7. Bb5+ Bd7 8. Bxd7+ Qxd7 9. Ne2 Nc6 10. d4 cxd4 11. cxd4 Nb4 12. 0-0 Nxc2 13. Rb1 Nb4 14. a3 Nc6 15. Bg5 h6 16. e6 Qxe6 17. Rfe1 hxg5 18. Ng3 0-0-0 19. Rxe6 fxe6 20. Qf7 Rd7 21. Qe8+ Kc7 22. Rxb7+ Kxb7 23. Qxd7+ Kb6 24. Qxe6 Bxa3 25. Nf5 Rd8 26. Ne3 Rd6 27. Nxd5+ Ka5 28. Qc8 Rxd5 29. Qxc6 Rd6 30. Qc7+ Kb5 31. Qxa7 Bb4 32. Qxg7 Rd5 33. Kf2 Rxd4 34. Qxd4 Bc5 35. Qxc5+ Kxc5 36. Kf3 1-0